Biological chemistry

Enregistré dans:
Détails bibliographiques
Auteurs principaux: Mahler, Henry R. (autor), Cordes, Eugene H (Auteur)
Format: Livre
Langue:anglais
Publié: Nueva York Harper & Row 1966
Sujets:
Tags: Ajouter un tag
Pas de tags, Soyez le premier à ajouter un tag!

MARC

LEADER 00000nam a2200000 a 4500
001 UCR4917
003 CL-VaPUC
008 980320e19660000US |||||||||||||||||eng|d
082 0 4 |a 572  |b MAH  |2 21 
100 |a Mahler, Henry R.  |e autor  |9 552056 
700 0 |a Cordes, Eugene H  |e author  |9 405482 
245 1 0 |a Biological chemistry 
300 |a 527 p 
942 |c BK 
945 |d 19980320 00:00:00  |a crobeson 
260 |a Nueva York  |b Harper & Row  |c 1966 
650 0 |a Bioquímica   |9 259492 
650 0 |a Biología  |9 262022 
650 0 |a Termodinámica   |9 259320 
650 7 |a PROTEINAS  |2 CL-VaPUC  |9 405483 
650 0 |a Ácidos nucleicos  |9 348842 
650 0 |a Enzimas  |9 262984 
650 0 |a Cinética  |9 260943 
650 0 |a Hidratos de carbono  |9 360963 
650 0 |a Metabolismo  |9 259893 
583 |a last modification  |c 19980320 00:00:00  |k Rodrigo Vera 
999 |c 267700  |d 267698 
952 |0 0  |1 0  |4 0  |6 572_000000000000000_MAH_1966  |7 0  |8 A  |9 300198  |a BIBALI  |b BIBALI  |c GEN  |d 2019-11-20  |i 1967703  |o 572 MAH 1966  |p 1967703  |r 2025-01-20  |w 2019-11-20  |y BK  |k ALI